Sports Quiz

Random Sports Quiz

Вспомни команду года ФИФА Quiz Stats

 Plays Quiz not verified by Sporcle

Support Sporcle.
Go Orange.
Score 0/12 Timer 05:00
0 Plays Today
Позиция Игрок % Correct
НападающийМесси
95.3%
ПолузащитникМодрич
95.2%
НападающийРоналду
94.7%
ЗащитникВан Дейк
89.3%
НападающийМбаппе
89.1%
ВратарьАлиссон
87.3%
ТренерКлопп
83.1%
ЗащитникМарсело
81.6%
ЗащитникРамос
80.8%
ЗащитникДе Лигт
74.2%
ПолузащитникАзар
74%
ПолузащитникДе Йонг
65.8%

You're not logged in!

Compare scores with friends on all Sporcle quizzes.
OR
Log In

From the Vault

Remove Ads.
Support Sporcle.
Get the best of Sporcle when you Go Orange. This ad-free experience offers more features, more stats, and more fun while also helping to support Sporcle. Thank you for becoming a member.

Show Comments

Extras

Created May 22, 2020ReportNominate

Top Quizzes Today


Score Distribution

Your Account Isn't Verified!

In order to create a playlist on Sporcle, you need to verify the email address you used during registration. Go to your Sporcle Settings to finish the process.

Report this User

Report this user for behavior that violates our Community Guidelines.

Details: